000
00234 a2200109 4500
005
20260324144625.0
020
_a
9789382951711
100
_a
KHERA, SHIV
245
_a
YOU CAN WIN
260
_b
BLOOMSBURY, NEWDELHI
_c
2021
942
_c
BK
999
_c
224112
_d
224112